000 00369nam a2200133Ia 4500
008 240624s9999 xx 000 0 und d
041 _aeng
082 _a332 ACK
100 _aACKERT LUCY F
245 _aBEHAVIORAL FINANCE PSYCHOLOGY DECISION M
260 _c2010
_aAustralia
_bSouth-Western Cengage Learning
300 _axxxii, : 392 : p. : cm. ; 23
365 _c
_b25
999 _c16705
_d16705